| 000 | 01534cam a2200349 a 4500 | ||
|---|---|---|---|
| 001 | 15867057 | ||
| 003 | OSt | ||
| 005 | 20150408114017.0 | ||
| 008 | 090813s2010 paua 001 0 eng | ||
| 010 | _a 2009030277 | ||
| 020 | _a9780898716917 | ||
| 020 | _a0898716918 | ||
| 035 | _a(OCoLC)ocn431933159 | ||
| 040 |
_aDLC _cDLC _dYDX _dYDXCP _dCDX _dDLC |
||
| 050 | 0 | 0 |
_aQA297 _b.V25 2010 |
| 082 | 0 | 0 |
_a005.1 _222 |
| 100 | 1 |
_aVan Loan, Charles F. _913161 |
|
| 245 | 1 | 0 |
_aInsight through computing : _ba MATLAB introduction to computational science and engineering / _cCharles F. Van Loan, K.-Y. Daisy Fan. |
| 260 |
_aPhiladelphia, PA : _bSociety for Industrial and Applied Mathematics, _cc2010. |
||
| 300 |
_axviii, 434 p. : _bill. (some col.) ; _c26 cm. |
||
| 500 | _aIncludes index. | ||
| 630 | 0 | 0 |
_aMATLAB. _94913 |
| 650 | 0 |
_aNumerical analysis _xData processing. _94567 |
|
| 650 | 0 |
_aScience _xComputer simulation. _913162 |
|
| 650 | 0 |
_aEngineering mathematics _xData processing. _95684 |
|
| 700 | 1 |
_aFan, K.-Y. Daisy. _913163 |
|
| 856 | 4 | 2 |
_3Publisher description _uhttp://www.loc.gov/catdir/enhancements/fy1007/2009030277-d.html |
| 856 | 4 | 1 |
_3Table of contents only _uhttp://www.loc.gov/catdir/enhancements/fy1007/2009030277-t.html |
| 856 | 4 | 2 |
_3Contributor biographical information _uhttp://www.loc.gov/catdir/enhancements/fy1007/2009030277-b.html |
| 942 |
_2ddc _cBOOK |
||
| 999 |
_c21694 _d256194 |
||